Missing Word: Two Robins and a Robbins Quiz Stats

 Plays Quiz Updated Aug 8, 2015

Challenge
Share
Tweet
Embed
Score 0/30 Timer 03:00
0 Plays Today
Hint Missing Word % Correct
Robin WilliamsGood
98.9%
Robin WilliamsMorning
98.8%
Robin WilliamsSociety
98.3%
Robin WrightGump
98.2%
Robin WrightDragon
96.4%
Robin WrightChristmas
96.2%
Robin WilliamsMuseum
93.4%
Robin WilliamsPatch
91.7%
Tim RobbinsShawshank
91.1%
Tim RobbinsLadder
87.3%
Tim RobbinsBull
86.7%
Tim RobbinsAbout
84.5%
Robin WrightPrincess
84.4%
Tim RobbinsMars
81.3%
Robin WilliamsPhoto
78.4%
Hint Missing Word % Correct
Tim RobbinsMystic
76.7%
Tim RobbinsDuck
72.4%
Robin WrightMessage
65.1%
Robin WrightMoll
64.5%
Tim RobbinsNothing
62.4%
Robin WilliamsFisher
61.8%
Tim RobbinsProxy
54.4%
Robin WrightWhite
53%
Robin WilliamsDreams
50.8%
Tim RobbinsLife
45%
Robin WrightState
44.2%
Robin WilliamsMoscow
35.3%
Robin WilliamsNight
32.4%
Robin WrightHome
8.6%
Robin WrightLovely
7%

Today's Daily Dose

You're not logged in!

Compare scores with friends on all Sporcle quizzes.
Join for Free
OR
Log In

You Might Also Like...

Show Comments

Extras

Top Quizzes Today


Score Distribution

Your Account Isn't Verified!

In order to create a playlist on Sporcle, you need to verify the email address you used during registration. Go to your Sporcle Settings to finish the process.

Report this User

Report this user for behavior that violates our Community Guidelines.

Details: